mysqli: Table './ulib62015/stat_globaluid' is marked as crashed and should be repaired
select id from stat_globaluid where statuid='20260517112418_452'
mysqli: Table './ulib62015/stat_globaluid' is marked as crashed and should be repaired
DELETE FROM stat_globaluid
WHERE id NOT IN (
SELECT id
FROM (
SELECT id
FROM stat_globaluid
ORDER BY id DESC
LIMIT 100
) foo
);
mysqli: Table './ulib62015/stat_globaluid' is marked as crashed and should be repaired
insert into stat_globaluid set
statuid='20260517112418_452',
dt='1778991858',
phpself='/ULIB62015/dublinfull.php',
agent='Mozilla/5.0 AppleWebKit/537.36 (KHTML, like Gecko; compatible; ClaudeBot/1.0; +claudebot@anthropic.com)',
yea='2026',
mon='5',
dat='17',
ip='216.73.216.45'
mysqli: Table './ulib62015/stathist_viewbib_bib_type' is marked as crashed and should be repaired
insert into stathist_viewbib_bib_type set
dat='17' ,
mon='05' ,
yea='2026' ,
statuid='20260517112418_452' ,
head='13399107766' ,
foot='marc' ,
dt='1778991858'
| LEADER : 00000nam 2200000uu 4500 |
| 008 101118s||||||||th 000 0 tha d |
| 020 ^a0-915486-04-0
|
| 082 0 ^aQV38^bw786b
|
| 100 0 ^aMichael E. Winter
|
| 245 00 ^aBasic Clinical Pharmacokinetics
|
| 945 ^p0^l0^i014122 |
| 999 ^aบรรณารักษ์
|
| คุณยังไม่ได้ล็อกอิน คุณสามารถมีกิจกรรมร่วมกับเว็บไซต์ได้ แต่ต้องล็อกอินก่อน :: |
|
|
|
| ลำดับที่ |
ประเภท |
เลขเรียก/บาร์โค้ด |
สถานที่ |
สถานะ |
| 1. |
 หนังสือ | QV38 w786b Barcode: 014122 | หนังสือทั่วไป | บนชั้น ขอยืม |
รายการใกล้เคียง
ชื่อเรื่อง [Basic Clinical Pharmacokinetics]
|
|
ยังไม่เคยถูกคอมเมนท์
|
| คอมเมนท์ทรัพยากรรายการนี้ |
|